[Event "Cappelle op 39th"]
[Site "Cappelle la Grande"]
[Date "2023.02.18"]
[Round "1"]
[White "Duhayon, Yves"]
[Black "Sasikiran, Krishnan"]
[Result "0-1"]
[WhiteElo "2158"]
[BlackElo "2619"]
[PlyCount "71"]
[EventDate "2023.02.18"]
[EventType "swiss"]
[EventRounds "9"]
[EventCountry "FRA"]
[SourceTitle "CBM 213 Extra"]
[Source "ChessBase"]
[SourceDate "2023.05.31"]
[SourceVersion "1"]
[SourceVersionDate "2023.05.31"]
[SourceQuality "1"]

1. d4 Nf6 2. Bg5 d5 3. Bxf6 exf6 4. e3 Bd6 5. Nd2 f5 6. Bd3 g6 7. Ne2 Nd7 8. c4 dxc4 9. Nxc4 Be7 10. Nc3 c6 11. 0-0 0-0 12. a4 Nf6 13. a5 Be6 14. a6 b5 15. Na5 Rc8 16. Nb7 Qd7 17. Qe2 h5 18. Rfd1 h4 19. h3 Nd5 20. Nxd5 Bxd5 21. Rdc1 Rfe8 22. Qd2 Bf8 23. Nc5 Qd8 24. b4 Qg5 25. Bf1 Bd6 26. Re1 Re7 27. f4 Qg3 28. Re2 Rce8 29. Rae1 Bc4 30. Nb7 Bc7 31. Rf2 Rxe3 32. Rxe3 Rxe3 33. Bxc4 bxc4 34. d5 cxd5 35. Qxd5 Re1+ 36. Rf1 0-1

[Event "Charleroi op"]
[Site "Roux"]
[Date "2019.08.01"]
[Round "7"]
[White "Roels, Frederik"]
[Black "Duhayon, Yves"]
[Result "0-1"]
[WhiteElo "1944"]
[BlackElo "2132"]
[PlyCount "96"]
[EventDate "2019.07.27"]
[EventType "swiss"]
[EventRounds "9"]
[EventCountry "BEL"]
[SourceTitle "CBM 191 Extra"]
[Source "ChessBase"]
[SourceDate "2019.09.30"]
[SourceVersion "1"]
[SourceVersionDate "2019.09.30"]
[SourceQuality "1"]

1. d4 d5 2. c4 e6 3. Nc3 a6 4. cxd5 exd5 5. Nf3 Nf6 6. Bg5 Be6 7. e3 Nbd7 8. Bd3 Bd6 9. 0-0 0-0 10. Qc2 h6 11. Bf4 Qe7 12. Bxd6 Qxd6 13. Rfe1 c6 14. Rad1 Bg4 15. Be2 Rfe8 16. Nh4 Bxe2 17. Nxe2 Qf8 18. Nf3 Ne4 19. Nc3 f5 20. Nd2 Re6 21. f3 Nxd2 22. Rxd2 Rae8 23. Rde2 Qf6 24. Qd2 Qg5 25. Nd1 Nf6 26. Nf2 Nh5 27. Nd3 Qe7 28. Ne5 Kh7 29. Qc2 g6 30. a3 c5 31. g3 Nf6 32. Qd2 c4 33. Qa5 b5 34. Qd2 Nd7 35. f4 Nf6 36. Rg2 Ne4 37. Qa5 Qd8 38. Qb4 Qb6 39. Nd7 Qd6 40. Qxd6 Rxd6 41. Ne5 Re7 42. g4 fxg4 43. Rxg4 a5 44. h4 b4 45. axb4 axb4 46. Ra1 c3 47. Rg2 Rc7 48. bxc3 bxc3 0-1

[Event "Charleroi op"]
[Site "Roux"]
[Date "2019.07.31"]
[Round "6"]
[White "Duhayon, Yves"]
[Black "Klinova, Masha"]
[Result "0-1"]
[WhiteElo "2132"]
[BlackElo "2269"]
[PlyCount "90"]
[EventDate "2019.07.27"]
[EventType "swiss"]
[EventRounds "9"]
[EventCountry "BEL"]
[SourceTitle "CBM 191 Extra"]
[Source "ChessBase"]
[SourceDate "2019.09.30"]
[SourceVersion "1"]
[SourceVersionDate "2019.09.30"]
[SourceQuality "1"]

1. d4 d6 2. c4 e5 3. d5 f5 4. e4 Nf6 5. exf5 Bxf5 6. Nc3 Be7 7. Nge2 0-0 8. Ng3 Bd7 9. Bd3 Na6 10. 0-0 Nc5 11. Bc2 a5 12. Be3 Ng4 13. Bxc5 dxc5 14. Nce4 Bd6 15. Qd2 Rf4 16. Ne2 Nxh2 17. Nxf4 Nxf1 18. Qd3 exf4 19. Nxd6 Qh4 20. Qxh7+ Qxh7 21. Bxh7+ Kxh7 22. Ne4 Bf5 23. Ng5+ Kh6 24. Nf3 Ne3 25. fxe3 fxe3 26. Ne1 Kg5 27. Rc1 Re8 28. Kf1 Kf4 29. Rc3 b6 30. b3 g5 31. Ke2 Bg4+ 32. Kf1 Bf5 33. Ke2 g4 34. Nd3+ Ke4 35. Ne1 Kd4 36. Rc1 Ke4 37. Rd1 g3 38. d6 Bg4+ 39. Nf3 cxd6 40. Rxd6 Rg8 41. Rh6 Bxf3+ 42. gxf3+ Kd4 43. Rh1 g2 44. Rg1 Rg3 45. Rd1+ Ke5 0-1

[Event "Charleroi op"]
[Site "Roux"]
[Date "2019.07.29"]
[Round "4"]
[White "Duhayon, Yves"]
[Black "Partoens, Remi"]
[Result "1-0"]
[WhiteElo "2132"]
[BlackElo "1957"]
[PlyCount "121"]
[EventDate "2019.07.27"]
[EventType "swiss"]
[EventRounds "9"]
[EventCountry "BEL"]
[SourceTitle "CBM 191 Extra"]
[Source "ChessBase"]
[SourceDate "2019.09.30"]
[SourceVersion "1"]
[SourceVersionDate "2019.09.30"]
[SourceQuality "1"]

1. d4 Nf6 2. c4 c5 3. d5 e5 4. Nc3 d6 5. e4 Be7 6. g3 0-0 7. Bg2 Ne8 8. Nge2 Na6 9. 0-0 Nec7 10. f4 Bf6 11. Be3 Bd7 12. Rf2 b5 13. cxb5 Nxb5 14. Nxb5 Bxb5 15. Nc3 Bd7 16. Bf1 Nc7 17. Qd2 Rb8 18. f5 g5 19. g4 h6 20. b3 Nb5 21. Ne2 Nd4 22. Ng3 Bg7 23. Nh5 f6 24. Bc4 Be8 25. Ng3 a5 26. Bxd4 exd4 27. a4 Rf7 28. Nf1 Bf8 29. Qd3 Rh7 30. Nd2 h5 31. h3 hxg4 32. hxg4 Rbb7 33. Nf3 Rh3 34. Raa2 Rbh7 35. Rh2 Qe7 36. Rag2 Rxh2 37. Rxh2 Rxh2 38. Kxh2 Kg7 39. Kg2 Kg8 40. Nd2 Qc7 41. Bb5 Bf7 42. Nc4 Be7 43. Nd2 Bd8 44. Bc6 Kg7 45. Nf3 Qe7 46. Kf2 Qc7 47. Ke2 Qe7 48. Qc2 Qc7 49. Kd3 Qe7 50. Qc4 Qf8 51. Qc2 Qe7 52. Qh2 Qc7 53. Nd2 Qe7 54. Nc4 Qa7 55. Qxd6 Bc7 56. Qd7 Qb8 57. Bb5 Kg8 58. d6 Bd8 59. e5 fxe5 60. Nxe5 Bxb3 61. Nc6 1-0

[Event "Klatovy op-A 23rd"]
[Site "Klatovy"]
[Date "2017.07.04"]
[Round "4"]
[White "Jelinek, Michal"]
[Black "Duhayon, Yves"]
[Result "1/2-1/2"]
[WhiteElo "2085"]
[BlackElo "2198"]
[PlyCount "82"]
[EventDate "2017.07.01"]
[EventType "swiss"]
[EventRounds "9"]
[EventCountry "CZE"]
[SourceTitle "EXT 2018"]
[Source "ChessBase"]
[SourceDate "2017.10.13"]
[SourceVersion "1"]
[SourceVersionDate "2017.10.13"]
[SourceQuality "1"]

1. d4 Nf6 2. c4 e6 3. Nc3 Bb4 4. Nf3 d5 5. cxd5 exd5 6. Bg5 0-0 7. e3 Nbd7 8. Bd3 c5 9. 0-0 c4 10. Bb1 Qa5 11. Qc2 Bxc3 12. Qxc3 Qxc3 13. bxc3 Re8 14. Nd2 a5 15. Bc2 b5 16. Rfb1 Rb8 17. a3 Rb7 18. Rb2 Re6 19. Rab1 Reb6 20. f3 h6 21. Bh4 g5 22. Bf2 Nb8 23. e4 Be6 24. Nxc4 dxc4 25. d5 Bd7 26. Bxb6 Rxb6 27. Ba4 b4 28. Bxd7 Nbxd7 29. axb4 axb4 30. Rxb4 Ra6 31. Rxc4 Ra2 32. g3 Ne5 33. Rc8+ Kg7 34. Rf1 g4 35. fxg4 Nxe4 36. Re8 f6 37. Re7+ Kg6 38. Re6 Kg7 39. Re7+ Kg6 40. Re6 Kg7 41. Re7+ Kg6 1/2-1/2

[Event "Klatovy op-A 23rd"]
[Site "Klatovy"]
[Date "2017.07.02"]
[Round "2"]
[White "Hajek, Jiri"]
[Black "Duhayon, Yves"]
[Result "1/2-1/2"]
[WhiteElo "2013"]
[BlackElo "2198"]
[PlyCount "63"]
[EventDate "2017.07.01"]
[EventType "swiss"]
[EventRounds "9"]
[EventCountry "CZE"]
[SourceTitle "EXT 2018"]
[Source "ChessBase"]
[SourceDate "2017.10.13"]
[SourceVersion "1"]
[SourceVersionDate "2017.10.13"]
[SourceQuality "1"]

1. e4 e5 2. Nf3 Nc6 3. Nc3 Nf6 4. d4 exd4 5. Nxd4 Bb4 6. Nxc6 bxc6 7. Bd3 d5 8. exd5 cxd5 9. 0-0 0-0 10. Bg5 c6 11. Qf3 Bd6 12. Rae1 Rb8 13. Nd1 h6 14. Bxf6 Qxf6 15. Qxf6 gxf6 16. b3 f5 17. Ne3 f4 18. Nf5 Bxf5 19. Bxf5 Rbd8 20. Re2 Kg7 21. Rd1 f3 22. Re3 fxg2 23. Rde1 Rg8 24. Rf3 c5 25. Kxg2 Rde8 26. Rxe8 Rxe8 27. Bd3 Re5 28. h3 Re6 29. Rf5 Re5 30. Rxe5 Bxe5 31. c4 dxc4 32. Bxc4 1/2-1/2

[Event "Avoine op 27th"]
[Site "Avoine"]
[Date "2012.07.27"]
[Round "7"]
[White "Dorval, Olivier"]
[Black "Duhayon, Yves"]
[Result "1-0"]
[WhiteElo "1890"]
[BlackElo "2221"]
[PlyCount "83"]
[EventDate "2012.07.21"]
[EventType "swiss"]
[EventRounds "9"]
[EventCountry "FRA"]
[SourceTitle "CBM 149 Extra"]
[Source "ChessBase"]
[SourceDate "2012.08.24"]
[SourceVersion "1"]
[SourceVersionDate "2012.08.24"]
[SourceQuality "1"]

1. f4 d5 2. Nf3 Bg4 3. e3 Nd7 4. h3 Bxf3 5. Qxf3 c6 6. b3 e5 7. Bb2 Bd6 8. Qg3 Qf6 9. Be2 Qg6 10. Qxg6 hxg6 11. fxe5 Bxe5 12. Bxe5 Nxe5 13. Na3 Nf6 14. d3 0-0 15. Kd2 Rfd8 16. c3 a5 17. Nc2 c5 18. Kc1 Nc6 19. Bf3 Ne5 20. Be2 Nh5 21. Bxh5 gxh5 22. Rd1 Nc6 23. Kb2 Re8 24. Re1 Re6 25. Rad1 Rae8 26. d4 cxd4 27. exd4 b5 28. Rxe6 Rxe6 29. Re1 h4 30. Rxe6 fxe6 31. Ne1 Ne7 32. Nf3 Nf5 33. a4 bxa4 34. b4 axb4 35. cxb4 Kf7 36. Ka3 Ke7 37. Kxa4 Kd7 38. Ka5 Kc7 39. Ka6 Kb8 40. b5 g5 41. b6 Ne7 42. Ne5 1-0

[Event "Avoine op 27th"]
[Site "Avoine"]
[Date "2012.07.23"]
[Round "3"]
[White "Duhayon, Yves"]
[Black "Lesbros, Bernard"]
[Result "1/2-1/2"]
[WhiteElo "2221"]
[BlackElo "1989"]
[PlyCount "61"]
[EventDate "2012.07.21"]
[EventType "swiss"]
[EventRounds "9"]
[EventCountry "FRA"]
[SourceTitle "CBM 149 Extra"]
[Source "ChessBase"]
[SourceDate "2012.08.24"]
[SourceVersion "1"]
[SourceVersionDate "2012.08.24"]
[SourceQuality "1"]

1. d4 Nf6 2. Nf3 g6 3. Bf4 Bg7 4. e3 c5 5. c3 0-0 6. h3 b6 7. Nbd2 Bb7 8. Be2 Nc6 9. 0-0 d5 10. Ne5 Nxe5 11. Bxe5 Nd7 12. Bxg7 Kxg7 13. Nf3 Qc7 14. a4 e5 15. dxe5 Nxe5 16. Nxe5 Qxe5 17. Bf3 Rad8 18. a5 b5 19. a6 Bc6 20. Qd3 Rd6 21. b4 cxb4 22. cxb4 d4 23. Bxc6 Rxc6 24. exd4 Qd5 25. Rfe1 Rd8 26. Re7 Qxd4 27. Qxd4+ Rxd4 28. Rxa7 Rxb4 29. Rb7 Ra4 30. Rb1 Rcxa6 31. R1xb5 1/2-1/2

[Event "Brussels FEFB-ch"]
[Site "Brussels"]
[Date "2012.05.18"]
[Round "4"]
[White "Tomov, Georgi"]
[Black "Duhayon, Yves"]
[Result "0-1"]
[WhiteElo "2294"]
[BlackElo "2192"]
[PlyCount "62"]
[EventDate "2012.05.17"]
[EventType "swiss"]
[EventRounds "7"]
[EventCountry "BEL"]
[SourceTitle "EXT 2014"]
[Source "ChessBase"]
[SourceDate "2013.11.20"]
[SourceVersion "1"]
[SourceVersionDate "2013.11.20"]
[SourceQuality "1"]

1. Nf3 Nf6 2. c4 e6 3. g3 d5 4. Bg2 Be7 5. 0-0 0-0 6. d4 dxc4 7. Ne5 Nc6 8. Bxc6 bxc6 9. Nxc6 Qe8 10. Nxe7+ Qxe7 11. Qa4 a5 12. Qxc4 Ba6 13. Qc2 Rfd8 14. Bg5 Rxd4 15. Qc6 Rdd8 16. Nc3 h6 17. Bxf6 Qxf6 18. Qxc7 a4 19. a3 Rdc8 20. Qd7 Bc4 21. Nxa4 Rd8 22. Qc6 Bxe2 23. Nb6 Bxf1 24. Nxa8 Bh3 25. Nc7 Qxb2 26. Re1 Qxa3 27. Nb5 Qd3 28. Nc3 Qd2 29. Ra1 e5 30. Qc4 Rc8 31. Ne4 Qb2 0-1

[Event "Brussels FEFB-ch"]
[Site "Brussels"]
[Date "2012.05.17"]
[Round "2"]
[White "Duhayon, Yves"]
[Black "Wiley, Tom E"]
[Result "1/2-1/2"]
[WhiteElo "2192"]
[BlackElo "2287"]
[PlyCount "33"]
[EventDate "2012.05.17"]
[EventType "swiss"]
[EventRounds "7"]
[EventCountry "BEL"]
[SourceTitle "EXT 2014"]
[Source "ChessBase"]
[SourceDate "2013.11.20"]
[SourceVersion "1"]
[SourceVersionDate "2013.11.20"]
[SourceQuality "1"]

1. d4 Nf6 2. c4 e6 3. g3 d5 4. Bg2 dxc4 5. Nf3 Nc6 6. Qa4 Bb4+ 7. Bd2 Nd5 8. Bxb4 Ndxb4 9. 0-0 Rb8 10. Nc3 a6 11. Ne5 0-0 12. Nxc6 Nxc6 13. Bxc6 bxc6 14. Qxc6 Qd6 15. Rfd1 Rxb2 16. Rac1 e5 17. d5 1/2-1/2

[Event "Mittelrhein Verbandsliga-W 1112"]
[Site "Germany"]
[Date "2012.02.05"]
[Round "6.6"]
[White "Klein, Gernot"]
[Black "Duhayon, Yves"]
[Result "0-1"]
[WhiteElo "1803"]
[BlackElo "2199"]
[PlyCount "148"]
[EventDate "2011.09.18"]
[EventType "team-tourn"]
[EventRounds "11"]
[EventCountry "GER"]
[SourceTitle "EXT 2013"]
[Source "ChessBase"]
[SourceDate "2012.11.22"]
[SourceVersion "1"]
[SourceVersionDate "2012.11.22"]
[SourceQuality "1"]
[WhiteTeam "Aachen PTSV"]
[BlackTeam "Aachen Aufwaerts II"]
[WhiteTeamCountry "GER"]
[BlackTeamCountry "GER"]

1. e4 e5 2. Nf3 Nc6 3. Bb5 a6 4. Ba4 d6 5. c3 Bd7 6. 0-0 Nge7 7. d3 Ng6 8. Re1 Be7 9. Nbd2 h6 10. Nf1 Bg5 11. d4 Bxc1 12. Rxc1 0-0 13. Ng3 Qc8 14. Bc2 Bg4 15. Nf5 Qd8 16. h3 Bxf3 17. Qxf3 Nh4 18. Qg4 Nxf5 19. exf5 Qf6 20. d5 Ne7 21. c4 c6 22. dxc6 bxc6 23. Qe4 g6 24. fxg6 fxg6 25. Re2 Nf5 26. Rd2 Qg5 27. Rcd1 Nd4 28. Qxg6+ Qxg6 29. Bxg6 Rab8 30. Re1 c5 31. Re3 Rb4 32. Be4 Kh8 33. Bd5 a5 34. Rg3 a4 35. Rg6 Rfb8 36. Rxd6 Rxb2 37. Rd8+ Kg7 38. Rxb8 Rxd2 39. Rb7+ Kf8 40. a3 Ra2 41. Rc7 Rxa3 42. Rxc5 Ra1+ 43. Kh2 a3 44. Rc8+ Ke7 45. c5 Nc2 46. Ra8 Nb4 47. Bg8 Kd7 48. Ra4 Nd3 49. Kg3 Nxc5 50. Ra7+ Kc6 51. Kg4 Nd3 52. Ra6+ Kc5 53. Rxh6 Nxf2+ 54. Kf3 a2 55. Rh5 Nd3 56. Bxa2 Rxa2 57. Ke4 Kc4 58. Rh8 Re2+ 59. Kf3 Rf2+ 60. Ke4 Rf4+ 61. Ke3 Nc5 62. Re8 Kd5 63. g3 Ra4 64. Rg8 Ra3+ 65. Ke2 Ke4 66. Rg4+ Kf5 67. Rg8 Ne6 68. h4 Nd4+ 69. Kf2 Ke4 70. Rg4+ Kd3 71. Rg8 Ra2+ 72. Kg1 Nf3+ 73. Kf1 Ke3 74. h5 Rf2# 0-1

[Event "Gibraltar Masters 10th"]
[Site "Caleta"]
[Date "2012.02.01"]
[Round "9"]
[White "Duhayon, Yves"]
[Black "Obiamiwe, Paul"]
[Result "1-0"]
[WhiteElo "2210"]
[BlackElo "1982"]
[PlyCount "71"]
[EventDate "2012.01.24"]
[EventType "swiss"]
[EventRounds "10"]
[EventCountry "GGB"]
[SourceTitle "CBM 147"]
[Source "ChessBase"]
[SourceDate "2012.03.16"]
[SourceVersion "1"]
[SourceVersionDate "2012.03.16"]
[SourceQuality "1"]

1. d4 Nf6 2. c4 g6 3. Nc3 Bg7 4. e4 d6 5. Nf3 0-0 6. Be2 e5 7. d5 a5 8. Bg5 h6 9. Bh4 Na6 10. Nd2 Nc5 11. 0-0 Bd7 12. b3 Qe8 13. a3 Nh7 14. Qc2 f5 15. f3 g5 16. Bf2 f4 17. b4 Na6 18. c5 axb4 19. axb4 Nxb4 20. Qb3 Rxa1 21. Rxa1 Na6 22. c6 Nc5 23. Bxc5 bxc6 24. dxc6+ Be6 25. Bc4 Bxc4 26. Qxc4+ Kh8 27. Bf2 Qb8 28. Qb5 Qd8 29. Nd5 h5 30. Qb7 g4 31. Qxc7 Qg5 32. Qe7 g3 33. hxg3 Nf6 34. gxf4 exf4 35. Bd4 Re8 36. Bxf6 1-0

[Event "Gibraltar Masters 10th"]
[Site "Caleta"]
[Date "2012.01.30"]
[Round "7"]
[White "Duhayon, Yves"]
[Black "Spanton, Timothy"]
[Result "0-1"]
[WhiteElo "2210"]
[BlackElo "1984"]
[PlyCount "100"]
[EventDate "2012.01.24"]
[EventType "swiss"]
[EventRounds "10"]
[EventCountry "GGB"]
[SourceTitle "CBM 147"]
[Source "ChessBase"]
[SourceDate "2012.03.16"]
[SourceVersion "1"]
[SourceVersionDate "2012.03.16"]
[SourceQuality "1"]

1. d4 d5 2. c4 e5 3. dxe5 d4 4. Nf3 Nc6 5. a3 Be6 6. e3 dxe3 7. Qxd8+ Rxd8 8. Bxe3 Nge7 9. Nc3 Nf5 10. Nb5 Rd7 11. Rd1 Nxe3 12. fxe3 Bg4 13. Be2 a6 14. Nbd4 Bxf3 15. gxf3 Nxe5 16. f4 Ng6 17. 0-0 Be7 18. b4 0-0 19. Nf5 Rfd8 20. Nxe7+ Nxe7 21. Kf2 Rxd1 22. Rxd1 Rxd1 23. Bxd1 f5 24. Bf3 b6 25. Ke2 Kf7 26. Kd3 Ke6 27. Kd4 Kd6 28. c5+ bxc5+ 29. bxc5+ Ke6 30. Kc4 c6 31. Kb4 Nd5+ 32. Ka5 Nxe3 33. Kxa6 Nd5 34. Kb7 Nxf4 35. a4 Nd3 36. Kb6 Ne5 37. Bd1 f4 38. Bb3+ Kd7 39. a5 f3 40. Bd1 Nc4+ 41. Ka6 Kc7 42. Bxf3 Ne5 43. Be4 g6 44. Ka7 Nd7 45. Bc2 Nxc5 46. h4 Ne6 47. a6 c5 48. Ka8 Nf4 49. Be4 c4 50. h5 gxh5 0-1

[Event "Gibraltar Masters 10th"]
[Site "Caleta"]
[Date "2012.01.26"]
[Round "3"]
[White "Cabrera Pino, Alexis"]
[Black "Duhayon, Yves"]
[Result "1/2-1/2"]
[WhiteElo "2504"]
[BlackElo "2210"]
[PlyCount "76"]
[EventDate "2012.01.24"]
[EventType "swiss"]
[EventRounds "10"]
[EventCountry "GGB"]
[SourceTitle "CBM 147"]
[Source "ChessBase"]
[SourceDate "2012.03.16"]
[SourceVersion "1"]
[SourceVersionDate "2012.03.16"]
[SourceQuality "1"]

1. e4 e5 2. Nf3 Nc6 3. Bb5 a6 4. Ba4 d6 5. c3 Bd7 6. d4 Nf6 7. Nbd2 g6 8. 0-0 Bg7 9. Bxc6 Bxc6 10. dxe5 Nxe4 11. Nxe4 Bxe4 12. exd6 0-0 13. dxc7 Qxc7 14. Bg5 Qc6 15. Re1 Rfe8 16. Bh4 b5 17. a3 a5 18. Qe2 h6 19. Rac1 Qb7 20. Nd4 g5 21. Bg3 Bxd4 22. cxd4 Bxg2 23. Qg4 Qf3 24. Qxf3 Bxf3 25. Re3 g4 26. Kf1 Rac8 27. Rc5 Red8 28. Rxc8 Rxc8 29. Rc3 Rxc3 30. bxc3 f5 31. Ke1 Kf7 32. Kd2 Ke6 33. Bc7 a4 34. Ke3 Be4 35. Kf4 Kd5 36. Ba5 Bc2 37. Bb4 Bd3 38. Ba5 Bc2 1/2-1/2

[Event "Brasschaat op 11th"]
[Site "Brasschaat"]
[Date "2011.08.27"]
[Round "8"]
[White "Duhayon, Yves"]
[Black "Dgebuadze, Alexandre"]
[Result "0-1"]
[WhiteElo "2239"]
[BlackElo "2522"]
[PlyCount "68"]
[EventDate "2011.08.20"]
[EventType "swiss"]
[EventRounds "9"]
[EventCountry "BEL"]
[SourceTitle "CBM 144 Extra"]
[Source "ChessBase"]
[SourceDate "2011.10.28"]
[SourceVersion "1"]
[SourceVersionDate "2011.10.28"]
[SourceQuality "1"]

1. d4 e6 2. Nf3 Nf6 3. c4 Bb4+ 4. Bd2 Qe7 5. g3 Nc6 6. Nc3 0-0 7. Bg2 Bxc3 8. Bxc3 Ne4 9. Rc1 d6 10. 0-0 Nxc3 11. Rxc3 e5 12. d5 Nd8 13. e4 Bg4 14. Qc2 Bxf3 15. Bxf3 b6 16. b4 a5 17. a3 Nb7 18. Qb2 Ra7 19. Rcc1 Qd7 20. Rfe1 g6 21. Ra1 f5 22. exf5 gxf5 23. Bg2 Qg7 24. f4 e4 25. Qxg7+ Kxg7 26. g4 fxg4 27. Kf2 Rxf4+ 28. Kg3 Rf7 29. Bxe4 h5 30. Kh4 axb4 31. axb4 Rxa1 32. Rxa1 Rf4 33. Ra7 Rxe4 34. Rxb7 Kg6 0-1

[Event "Brasschaat op 11th"]
[Site "Brasschaat"]
[Date "2011.08.26"]
[Round "7"]
[White "Dugailliez, Guy"]
[Black "Duhayon, Yves"]
[Result "0-1"]
[WhiteElo "1991"]
[BlackElo "2239"]
[PlyCount "124"]
[EventDate "2011.08.20"]
[EventType "swiss"]
[EventRounds "9"]
[EventCountry "BEL"]
[SourceTitle "CBM 144 Extra"]
[Source "ChessBase"]
[SourceDate "2011.10.28"]
[SourceVersion "1"]
[SourceVersionDate "2011.10.28"]
[SourceQuality "1"]

1. e4 e5 2. f4 Bc5 3. Nf3 d6 4. c3 Bb6 5. d4 exd4 6. cxd4 d5 7. exd5 Ne7 8. Bc4 0-0 9. 0-0 Nxd5 10. Nc3 Nf6 11. Kh1 Nc6 12. Be3 Bg4 13. h3 Bxf3 14. Qxf3 Nxd4 15. Bxd4 Qxd4 16. Bb3 c6 17. Rfe1 Rae8 18. Red1 Qf2 19. Qxf2 Bxf2 20. g4 Be3 21. f5 h6 22. Rd3 Bb6 23. Kg2 Rd8 24. Rad1 Rxd3 25. Rxd3 Rd8 26. Rxd8+ Bxd8 27. Kf3 Bc7 28. h4 Kf8 29. g5 hxg5 30. hxg5 Nd7 31. Bc2 Be5 32. Nd1 Bd4 33. Ke4 c5 34. Bd3 Ke7 35. Bc2 f6 36. g6 Kd6 37. Bd3 Ne5 38. Bc2 b5 39. b3 Kc6 40. Bb1 Nd7 41. Bd3 Nb6 42. Be2 Nc8 43. Bd3 Nd6+ 44. Kf3 c4 45. Bc2 Kc5 46. Bb1 a5 47. Bc2 Kb4 48. bxc4 bxc4 49. a4 Kc5 50. Kf4 c3 51. Kf3 Nc4 52. Ke4 Nd6+ 53. Kf3 Kc4 54. Ne3+ Bxe3 55. Kxe3 Nb7 56. Ke4 Nc5+ 57. Ke3 Na6 58. Bd3+ Kb3 59. Kd4 Nb4 60. Be4 c2 61. Bxc2+ Nxc2+ 62. Kd5 Kxa4 0-1

[Event "Brasschaat op 11th"]
[Site "Brasschaat"]
[Date "2011.08.25"]
[Round "6"]
[White "Duhayon, Yves"]
[Black "Peleman, Tony"]
[Result "1/2-1/2"]
[WhiteElo "2239"]
[BlackElo "2047"]
[PlyCount "88"]
[EventDate "2011.08.20"]
[EventType "swiss"]
[EventRounds "9"]
[EventCountry "BEL"]
[SourceTitle "CBM 144 Extra"]
[Source "ChessBase"]
[SourceDate "2011.10.28"]
[SourceVersion "1"]
[SourceVersionDate "2011.10.28"]
[SourceQuality "1"]

1. d4 Nf6 2. c4 g6 3. Nc3 Bg7 4. e4 d6 5. h3 0-0 6. Be3 c6 7. Bd3 e5 8. d5 c5 9. Nge2 Bd7 10. g4 Na6 11. a3 Ne8 12. Ng3 Bf6 13. Qd2 Bh4 14. Rg1 Ng7 15. 0-0-0 Nc7 16. f4 exf4 17. Bxf4 Qe7 18. Kb1 Rab8 19. e5 dxe5 20. Bh6 Bxg3 21. Rxg3 Nce8 22. Re1 Nd6 23. Rge3 f6 24. Ne4 Nxe4 25. Rxe4 Qd6 26. g5 Rbe8 27. gxf6 Rxf6 28. Bxg7 Kxg7 29. Ka2 Rf4 30. h4 Rxe4 31. Bxe4 Bf5 32. h5 Bxe4 33. h6+ Kg8 34. Rxe4 Rf8 35. Re2 Rf4 36. Qc3 Rf5 37. Qe3 Kf7 38. Rf2 Rf4 39. Rxf4+ exf4 40. Qc3 Qf6 41. Qa5 Qd4 42. Qc7+ Kf6 43. d6 Qxc4+ 44. Ka1 Qc1+ 1/2-1/2

[Event "Avoine op 26th"]
[Site "Avoine"]
[Date "2011.07.28"]
[Round "6"]
[White "Duhayon, Yves"]
[Black "Guinovart, Jose"]
[Result "0-1"]
[WhiteElo "2239"]
[BlackElo "1915"]
[PlyCount "92"]
[EventDate "2011.07.23"]
[EventType "swiss"]
[EventRounds "9"]
[EventCountry "FRA"]
[SourceTitle "EXT 2012"]
[Source "ChessBase"]
[SourceDate "2011.11.24"]
[SourceVersion "1"]
[SourceVersionDate "2011.11.24"]
[SourceQuality "1"]

1. d4 Nf6 2. c4 g6 3. Nc3 Bg7 4. e4 d6 5. Nf3 0-0 6. Be2 e5 7. d5 Na6 8. Nd2 Ne8 9. h4 f5 10. h5 f4 11. hxg6 hxg6 12. Nf3 Nf6 13. Ng5 Ne8 14. Ne6 Bxe6 15. dxe6 c6 16. c5 Nxc5 17. e7 Qxe7 18. Bc4+ Ne6 19. Qg4 Rf6 20. Bd2 N8c7 21. 0-0-0 b5 22. Bb3 a5 23. a4 b4 24. Ne2 d5 25. exd5 Nxd5 26. f3 Nc5 27. Bc2 Qf7 28. g3 b3 29. Bb1 Nxa4 30. Rdg1 Ne3 31. Bxe3 Qc4+ 32. Kd2 fxe3+ 33. Kxe3 Qc5+ 34. Kd2 Nxb2 35. Rc1 Qd5+ 36. Ke3 Raf8 37. Be4 Nc4+ 38. Rxc4 Qxc4 39. Rc1 Bh6+ 40. f4 exf4+ 41. gxf4 Bxf4+ 42. Qxf4 Qxc1+ 43. Nxc1 Rxf4 44. Nxb3 a4 45. Nc5 Rxe4+ 46. Kxe4 g5 0-1

[Event "Brussels FEFB-ch"]
[Site "Brussels"]
[Date "2011.06.01"]
[Round "1"]
[White "Werner, Yvan"]
[Black "Duhayon, Yves"]
[Result "0-1"]
[WhiteElo "2090"]
[BlackElo "2240"]
[PlyCount "168"]
[EventDate "2011.06.01"]
[EventType "tourn"]
[EventRounds "7"]
[EventCountry "BEL"]
[SourceTitle "CBM 142 Extra"]
[Source "ChessBase"]
[SourceDate "2011.06.27"]
[SourceVersion "1"]
[SourceVersionDate "2011.06.27"]
[SourceQuality "1"]

1. e4 e5 2. Nf3 Nc6 3. Nc3 Nf6 4. Bb5 Bd6 5. d3 a6 6. Ba4 b5 7. Bb3 Bb7 8. 0-0 h6 9. Nh4 Nd4 10. Ne2 Nxb3 11. axb3 g6 12. g3 Bc5 13. Be3 Qe7 14. c4 d6 15. Nc3 b4 16. Nd5 Nxd5 17. cxd5 Bxe3 18. fxe3 0-0 19. Qc2 a5 20. Rf3 Kg7 21. Rc1 Rac8 22. Rcf1 c6 23. dxc6 Bxc6 24. Qe2 Bd7 25. R3f2 Bh3 26. Ra1 Rc5 27. d4 Rc7 28. Nf3 Rfc8 29. Re1 Bg4 30. Qb5 Bxf3 31. Rxf3 Rc2 32. Ref1 Rf8 33. Qd5 Rxb2 34. Rf6 exd4 35. exd4 Re2 36. e5 dxe5 37. dxe5 Rxe5 38. Rxf7+ Rxf7 39. Rxf7+ Qxf7 40. Qxe5+ Kh7 41. Qxa5 Qxb3 42. Qc7+ Kg8 43. Qd8+ Kf7 44. Qd7+ Kf6 45. Qd6+ Kf5 46. Qf4+ Ke6 47. Qe4+ Kd7 48. Qxg6 Qe3+ 49. Kg2 b3 50. Qf7+ Kd6 51. Qf8+ Kd5 52. Qd8+ Kc4 53. Qc7+ Kb4 54. Qd6+ Kc3 55. Qc6+ Kd2 56. Qf6 Kc2 57. Qc6+ Kd1 58. Kh3 b2 59. Qh1+ Kc2 60. Qg2+ Qd2 61. Qc6+ Qc3 62. Qa4+ Kb1 63. Qd1+ Ka2 64. Qa4+ Qa3 65. Qc4+ Ka1 66. Qd4 Qa6 67. Qc3 Ka2 68. Qc2 Qf1+ 69. Kh4 Qb5 70. Kh3 h5 71. Qd2 Qa6 72. Qd5+ Ka1 73. Qd4 Qe6+ 74. Kg2 Qe2+ 75. Kg1 Kb1 76. Qc3 Qc2 77. Qa3 Kc1 78. Qe3+ Qd2 79. Qa3 Kd1 80. Qb3+ Ke1 81. Qf3 Qd4+ 82. Kg2 Kd2 83. Qb7 Kc2 84. Qc6+ Qc3 0-1

[Event "Bayern-chI Bank Hofmann 14th"]
[Site "Bad Wiessee"]
[Date "2010.11.04"]
[Round "7"]
[White "Duhayon, Yves"]
[Black "Weber, Ulrich"]
[Result "0-1"]
[WhiteElo "2220"]
[BlackElo "2413"]
[PlyCount "82"]
[EventDate "2010.10.30"]
[EventType "swiss"]
[EventRounds "9"]
[EventCountry "GER"]
[SourceTitle "EXT 2011"]
[Source "ChessBase"]
[SourceDate "2010.11.26"]
[SourceVersion "1"]
[SourceVersionDate "2010.11.26"]
[SourceQuality "1"]

1. d4 Nf6 2. c4 g6 3. Nc3 Bg7 4. e4 d6 5. Nf3 0-0 6. Be2 e5 7. d5 a5 8. Nd2 Na6 9. h4 Nc5 10. h5 c6 11. g4 a4 12. f3 Bd7 13. Ndb1 Qb6 14. Na3 Rfc8 15. Rb1 Qa5 16. Be3 Ne8 17. Qd2 Qd8 18. hxg6 fxg6 19. g5 Qe7 20. Rh2 Bh8 21. Rd1 Rd8 22. Kf2 Ng7 23. dxc6 bxc6 24. Qxd6 Qxd6 25. Rxd6 Nge6 26. Rh1 Rdb8 27. Bc1 Bg7 28. Nc2 Nd4 29. Ne3 Bf8 30. Rxd7 Nxd7 31. Ng4 Bc5 32. Kg2 Ne6 33. Rd1 Bd4 34. c5 Ndxc5 35. Bc4 Rb4 36. Nf6+ Kg7 37. Bxe6 Nxe6 38. Ne2 Rd8 39. Nxd4 Rbxd4 40. Rh1 h5 41. Be3 Rd1 0-1